[Event "DEM U14w 2024"]
[Site "Willingen GER"]
[Date "2024.05.19"]
[Round "2"]
[White "Rafikova, Ailin"]
[Black "Dodul, Alice"]
[Result "0-1"]
[Termination "normal"]
[Board "11"]
[WhiteElo "1627"]
[BlackElo "1656"]
[WhiteClock "00:28:28"]
[BlackClock "01:02:52"]
[PlyCount "88"]
[WhiteFideId "34612173"]
[BlackFideId "34623817"]
[EventCountry "GER"]
[EventRounds "9"]
[EventType "swiss"]
[EventDate "2024.05.18"]

1. e4 {[%clk 01:30:59]} e5 {[%clk 01:30:55]} {[%emt 00:00:06]} 2. Nf3 {[%clk
01:31:26]} {[%emt 00:00:03]} Nc6 {[%clk 01:31:22]} {[%emt 00:00:03]} 3. Bb5
{[%clk 01:31:40]} {[%emt 00:00:15]} f5 {[%clk 01:31:34]} {[%emt 00:00:19]} 4.
Nc3 {[%clk 01:31:46]} {[%emt 00:00:24]} fxe4 {[%clk 01:31:15]} {[%emt
00:00:49]} 5. Nxe4 {[%clk 01:32:10]} {[%emt 00:00:05]} d5 {[%clk 01:31:33]}
{[%emt 00:00:13]} 6. Nxe5 {[%clk 01:30:59]} {[%emt 00:01:40]} dxe4 {[%clk
01:30:10]} {[%emt 00:01:55]} 7. Nxc6 {[%emt 00:10:01]} Qd5 {[%clk 01:30:20]}
{[%emt 00:00:18]} 8. c4 {[%clk 01:15:41]} {[%emt 00:06:17]} Qc5 {[%clk
01:26:38]} {[%emt 00:04:13]} 9. d4 {[%clk 01:08:40]} {[%emt 00:07:31]} exd3
{[%clk 01:26:41]} {[%emt 00:00:27]} 10. Be3 {[%clk 01:07:42]} {[%emt 00:01:27]}
Qd6 {[%clk 01:26:08]} {[%emt 00:01:03]} 11. Nd4+ {[%clk 01:05:09]} {[%emt
00:03:02]} c6 {[%clk 01:26:20]} {[%emt 00:00:19]} 12. c5 {[%clk 01:00:13]}
{[%emt 00:05:26]} Qxc5 {[%clk 01:23:40]} {[%emt 00:03:11]} 13. Bxd3 {[%clk
00:59:22]} {[%emt 00:01:21]} Qa5+ {[%clk 01:22:19]} {[%emt 00:01:50]} 14. Bd2
{[%clk 00:57:59]} {[%emt 00:01:53]} Qe5+ {[%clk 01:22:33]} {[%emt 00:00:16]}
15. Be3 {[%clk 00:53:24]} {[%emt 00:05:05]} Bb4+ {[%clk 01:20:46]} {[%emt
00:02:18]} 16. Kf1 {[%clk 00:52:36]} {[%emt 00:01:18]} Nf6 {[%clk 01:20:06]}
{[%emt 00:01:11]} 17. a3 {[%clk 00:50:23]} {[%emt 00:02:42]} Ba5 {[%clk
01:19:10]} {[%emt 00:01:26]} 18. b4 {[%clk 00:49:36]} {[%emt 00:01:17]} Bc7
{[%clk 01:18:50]} {[%emt 00:00:50]} 19. Nf3 {[%clk 00:45:13]} {[%emt 00:04:53]}
Qe7 {[%clk 01:17:05]} {[%emt 00:02:14]} 20. Qd2 {[%clk 00:43:29]} {[%emt
00:02:14]} Be6 {[%clk 01:12:45]} {[%emt 00:04:50]} 21. Re1 {[%clk 00:41:52]}
{[%emt 00:02:07]} O-O-O {[%clk 01:12:00]} {[%emt 00:01:15]} 22. Qc2 {[%clk
00:36:59]} {[%emt 00:05:24]} Qd7 {[%clk 01:10:26]} {[%emt 00:02:04]} 23. Rd1
{[%clk 00:35:38]} {[%emt 00:01:50]} a6 {[%clk 01:05:14]} {[%emt 00:05:42]} 24.
Nd4 {[%clk 00:31:31]} {[%emt 00:04:37]} g6 {[%clk 01:04:30]} {[%emt 00:01:15]}
25. Nxe6 {[%clk 00:28:19]} {[%emt 00:03:42]} Qxe6 {[%clk 01:04:45]} {[%emt
00:00:15]} 26. h3 {[%clk 00:27:38]} {[%emt 00:01:10]} Rhe8 {[%clk 01:04:09]}
{[%emt 00:01:06]} 27. Kg1 {[%clk 00:22:20]} {[%emt 00:05:49]} Nd5 {[%clk
01:03:46]} {[%emt 00:00:53]} 28. Bc4 {[%clk 00:17:59]} {[%emt 00:04:51]} Qe5
{[%clk 01:00:27]} {[%emt 00:03:49]} 29. Bd4 {[%clk 00:16:03]} {[%emt 00:02:25]}
Qg5 {[%clk 00:57:14]} {[%emt 00:03:43]} 30. g3 {[%clk 00:13:27]} {[%emt
00:03:06]} Nb6 {[%clk 00:53:24]} {[%emt 00:04:20]} 31. Bb3 {[%clk 00:11:49]}
{[%emt 00:02:09]} Bxg3 {[%clk 00:49:35]} {[%emt 00:04:18]} 32. Bxb6 {[%emt
00:07:53]} Bc7+ {[%clk 00:40:14]} {[%emt 00:09:48]} 33. Kf1 {[%clk 00:04:32]}
{[%emt 00:00:27]} Bxb6 {[%clk 00:39:05]} {[%emt 00:01:39]} 34. Rg1 {[%clk
00:03:45]} {[%emt 00:01:18]} Qb5+ {[%clk 00:38:29]} {[%emt 00:01:06]} 35. Kg2
{[%clk 00:02:54]} {[%emt 00:01:21]} Rxd1 {[%clk 00:37:45]} {[%emt 00:01:14]}
36. Qxd1 {[%clk 00:03:00]} {[%emt 00:00:24]} Re2 {[%clk 00:37:50]} {[%emt
00:00:24]} 37. Rf1 {[%clk 00:02:56]} {[%emt 00:00:35]} Qg5+ {[%clk 00:37:35]}
{[%emt 00:00:44]} 38. Kf3 {[%clk 00:02:25]} {[%emt 00:01:01]} Qh5+ {[%clk
00:36:38]} {[%emt 00:01:28]} 39. Kg3 {[%clk 00:01:26]} {[%emt 00:01:29]} Qe5+
{[%clk 00:36:09]} {[%emt 00:00:58]} 40. Kg2 {[%clk 00:01:21]} {[%emt 00:00:36]}
Bc7 {[%clk 00:35:43]} {[%emt 00:00:55]} 41. Qd3 {[%clk 00:29:39]} {[%emt
00:02:11]} Re4 {[%clk 01:03:13]} {[%emt 00:03:02]} 42. Rd1 {[%clk 00:28:19]}
{[%emt 00:01:50]} Qh2+ {[%clk 01:02:35]} {[%emt 00:01:07]} 43. Kf3 {[%clk
00:28:38]} {[%emt 00:00:10]} Rf4+ {[%clk 01:02:52]} {[%emt 00:00:14]} 44. Ke3
{[%clk 00:28:28]} {[%emt 00:00:40]} Qxf2# {[%emt 00:00:09]} 0-1

[Event "DEM U14w 2024"]
[Site "Willingen GER"]
[Date "2024.05.19"]
[Round "2"]
[White "Eitel, Liz"]
[Black "Vogt, Luna"]
[Result "0-1"]
[Termination "normal"]
[Board "12"]
[WhiteElo "1602"]
[BlackElo "1666"]
[WhiteClock "00:28:57"]
[BlackClock "00:34:20"]
[PlyCount "82"]
[WhiteFideId "34622195"]
[BlackFideId "34607153"]
[EventCountry "GER"]
[EventRounds "9"]
[EventType "swiss"]
[EventDate "2024.05.18"]

1. e4 {[%clk 01:30:57]} {[%emt 00:00:02]} e5 {[%clk 01:30:53]} {[%emt
00:00:08]} 2. Nf3 {[%clk 01:31:23]} {[%emt 00:00:03]} Nc6 {[%clk 01:31:10]}
{[%emt 00:00:13]} 3. Bc4 {[%clk 01:31:44]} {[%emt 00:00:09]} Nf6 {[%clk
01:31:26]} {[%emt 00:00:14]} 4. d3 {[%clk 01:31:49]} {[%emt 00:00:25]} Be7
{[%clk 01:31:46]} {[%emt 00:00:10]} 5. O-O {[%clk 01:31:09]} {[%emt 00:01:09]}
d6 {[%clk 01:31:22]} {[%emt 00:00:55]} 6. h3 {[%clk 01:30:50]} {[%emt
00:00:48]} O-O {[%clk 01:31:08]} {[%emt 00:00:45]} 7. c3 {[%clk 01:30:04]}
{[%emt 00:01:16]} d5 {[%clk 01:27:27]} {[%emt 00:04:12]} 8. exd5 {[%clk
01:29:29]} {[%emt 00:01:04]} Nxd5 {[%clk 01:27:12]} {[%emt 00:00:45]} 9. Re1
{[%clk 01:25:53]} {[%emt 00:04:07]} Bf6 {[%clk 01:24:49]} {[%emt 00:02:52]} 10.
Nbd2 {[%clk 01:21:55]} {[%emt 00:04:28]} g6 {[%clk 01:17:56]} {[%emt 00:07:22]}
11. Ne4 {[%clk 01:18:21]} {[%emt 00:04:05]} Bg7 {[%clk 01:16:14]} {[%emt
00:02:11]} 12. Bh6 {[%clk 01:11:12]} {[%emt 00:07:40]} Bxh6 {[%clk 01:09:25]}
{[%emt 00:07:19]} 13. Bxd5 {[%clk 01:11:24]} {[%emt 00:00:18]} Bg7 {[%clk
01:06:54]} {[%emt 00:03:01]} 14. Bb3 {[%clk 01:02:22]} {[%emt 00:09:33]} Bf5
{[%clk 01:00:22]} {[%emt 00:07:01]} 15. Qd2 {[%clk 00:52:32]} {[%emt 00:10:20]}
Re8 {[%clk 00:52:30]} {[%emt 00:08:20]} 16. Rad1 {[%clk 00:52:01]} {[%emt
00:01:03]} Re7 {[%clk 00:46:53]} {[%emt 00:06:07]} 17. Ng3 {[%clk 00:49:52]}
{[%emt 00:02:39]} Bd7 {[%clk 00:45:34]} {[%emt 00:01:48]} 18. Qe3 {[%clk
00:41:12]} {[%emt 00:09:10]} Qe8 {[%clk 00:42:44]} {[%emt 00:03:20]} 19. Re2
{[%clk 00:35:49]} {[%emt 00:05:55]} Kh8 {[%clk 00:38:41]} {[%emt 00:04:32]} 20.
Rde1 {[%clk 00:31:31]} {[%emt 00:04:48]} Qf8 {[%clk 00:33:54]} {[%emt
00:05:18]} 21. Bd5 {[%clk 00:26:25]} {[%emt 00:05:35]} f6 {[%clk 00:25:40]}
{[%emt 00:08:43]} 22. Bxc6 {[%clk 00:24:05]} {[%emt 00:02:51]} Bxc6 {[%clk
00:25:56]} {[%emt 00:00:13]} 23. d4 {[%clk 00:24:14]} {[%emt 00:00:22]} e4
{[%clk 00:22:14]} {[%emt 00:04:12]} 24. Nd2 {[%clk 00:21:44]} {[%emt 00:02:59]}
f5 {[%clk 00:18:33]} {[%emt 00:06:37]} 25. f3 {[%clk 00:20:45]} {[%emt
00:00:04]} f4 {[%clk 00:15:14]} {[%emt 00:02:48]} 26. Qf2 {[%clk 00:19:52]}
{[%emt 00:01:23]} e3 {[%clk 00:14:43]} {[%emt 00:01:01]} 27. Rxe3 {[%clk
00:17:48]} {[%emt 00:02:35]} fxe3 {[%clk 00:14:31]} {[%emt 00:00:42]} 28. Rxe3
{[%clk 00:18:11]} {[%emt 00:00:06]} Rxe3 {[%clk 00:14:24]} {[%emt 00:00:37]}
29. Qxe3 {[%clk 00:18:34]} {[%emt 00:00:07]} Re8 {[%clk 00:14:12]} {[%emt
00:00:41]} 30. Qd3 {[%clk 00:17:43]} {[%emt 00:01:22]} Qf4 {[%clk 00:13:14]}
{[%emt 00:01:27]} 31. Ne2 {[%clk 00:17:08]} {[%emt 00:01:06]} Qe3+ {[%clk
00:12:22]} {[%emt 00:01:22]} 32. Qxe3 {[%clk 00:15:52]} {[%emt 00:01:47]} Rxe3
{[%clk 00:12:47]} {[%emt 00:00:05]} 33. Kf2 {[%clk 00:16:09]} {[%emt 00:00:13]}
Re7 {[%clk 00:11:58]} {[%emt 00:01:16]} 34. g3 {[%clk 00:14:12]} {[%emt
00:02:28]} Bb5 {[%clk 00:11:27]} {[%emt 00:01:02]} 35. Ng1 {[%clk 00:12:36]}
{[%emt 00:02:05]} Kg8 {[%clk 00:10:42]} {[%emt 00:01:16]} 36. f4 {[%clk
00:07:56]} {[%emt 00:05:10]} Kf7 {[%clk 00:09:42]} {[%emt 00:01:30]} 37. Ngf3
{[%clk 00:06:30]} {[%emt 00:01:53]} h6 {[%clk 00:08:15]} {[%emt 00:01:59]} 38.
c4 {[%clk 00:05:16]} {[%emt 00:02:09]} Bd7 {[%clk 00:07:32]} {[%emt 00:03:59]}
39. d5 {[%clk 00:04:36]} {[%emt 00:00:02]} Bxb2 {[%clk 00:07:03]} {[%emt
00:00:06]} 40. g4 {[%clk 00:02:28]} {[%emt 00:01:30]} Ba4 {[%clk 00:05:45]}
{[%emt 00:01:47]} 41. Kg3 {[%clk 00:28:57]} {[%emt 00:03:58]} Bc1 {[%clk
00:34:20]} {[%emt 00:01:57]} 0-1

[Event "DEM U14w 2024"]
[Site "Willingen GER"]
[Date "2024.05.19"]
[Round "2"]
[White "Dedic, Sajra"]
[Black "Hamati, Emeli"]
[Result "1-0"]
[Termination "normal"]
[Board "13"]
[WhiteElo "1555"]
[BlackElo "853"]
[WhiteClock "00:22:58"]
[BlackClock "00:36:55"]
[PlyCount "67"]
[WhiteFideId "14422794"]
[BlackFideId "533000662"]
[EventCountry "GER"]
[EventRounds "9"]
[EventType "swiss"]
[EventDate "2024.05.18"]

1. d4 {[%clk 01:30:59]} d5 {[%clk 01:30:50]} {[%emt 00:00:10]} 2. Bf4 {[%clk
01:31:24]} {[%emt 00:00:05]} Nc6 {[%clk 01:30:50]} {[%emt 00:00:29]} 3. e3
{[%clk 01:31:45]} {[%emt 00:00:10]} Bf5 {[%clk 01:30:12]} {[%emt 00:01:08]} 4.
Bd3 {[%clk 01:30:43]} {[%emt 00:01:33]} Bxd3 {[%clk 01:27:51]} {[%emt
00:02:50]} 5. cxd3 {[%clk 01:31:06]} {[%emt 00:00:07]} e6 {[%clk 01:27:37]}
{[%emt 00:00:43]} 6. Nf3 {[%clk 01:30:19]} {[%emt 00:01:17]} Bb4+ {[%clk
01:26:36]} {[%emt 00:01:31]} 7. Nc3 {[%clk 01:30:16]} {[%emt 00:00:33]} Nf6
{[%clk 01:22:58]} {[%emt 00:04:08]} 8. O-O {[%clk 01:30:15]} {[%emt 00:00:32]}
Bd6 {[%clk 01:22:28]} {[%emt 00:01:00]} 9. Ne2 {[%clk 01:14:41]} {[%emt
00:16:04]} Nh5 {[%clk 01:05:34]} {[%emt 00:17:23]} 10. Be5 {[%clk 01:03:37]}
{[%emt 00:11:35]} f6 {[%clk 01:04:22]} {[%emt 00:01:41]} 11. Bxd6 {[%clk
01:03:48]} {[%emt 00:00:20]} Qxd6 {[%clk 01:04:09]} {[%emt 00:00:42]} 12. g4
{[%clk 01:02:28]} {[%emt 00:01:51]} e5 {[%clk 00:55:45]} {[%emt 00:08:53]} 13.
gxh5 {[%clk 00:58:16]} {[%emt 00:04:42]} Qe6 {[%clk 00:52:37]} {[%emt
00:03:38]} 14. Kh1 {[%clk 00:42:47]} {[%emt 00:15:59]} Qh3 {[%clk 00:52:13]}
{[%emt 00:00:54]} 15. Ng3 {[%clk 00:41:18]} {[%emt 00:01:59]} Ne7 {[%clk
00:49:53]} {[%emt 00:02:49]} 16. dxe5 {[%clk 00:37:04]} {[%emt 00:04:45]} fxe5
{[%clk 00:47:41]} {[%emt 00:02:42]} 17. Nxe5 {[%clk 00:34:50]} {[%emt
00:02:44]} Qe6 {[%clk 00:47:20]} {[%emt 00:00:52]} 18. d4 {[%clk 00:30:32]}
{[%emt 00:04:47]} O-O-O {[%clk 00:47:08]} {[%emt 00:00:43]} 19. Qg4 {[%clk
00:30:07]} {[%emt 00:00:54]} Qxg4 {[%clk 00:46:41]} {[%emt 00:00:57]} 20. Nxg4
{[%clk 00:30:32]} {[%emt 00:00:05]} Rhf8 {[%clk 00:46:42]} {[%emt 00:00:29]}
21. Ne5 {[%clk 00:29:09]} {[%emt 00:01:53]} Nf5 {[%emt 00:02:11]} 22. Rac1
{[%clk 00:25:28]} {[%emt 00:04:07]} Nxg3+ {[%clk 00:42:44]} {[%emt 00:02:51]}
23. hxg3 {[%clk 00:25:45]} {[%emt 00:00:13]} Kb8 {[%clk 00:42:20]} {[%emt
00:00:54]} 24. Kg2 {[%clk 00:25:23]} {[%emt 00:00:51]} Rf6 {[%clk 00:37:46]}
{[%emt 00:05:05]} 25. g4 {[%clk 00:23:47]} {[%emt 00:02:06]} g6 {[%clk
00:37:26]} {[%emt 00:00:50]} 26. hxg6 {[%clk 00:20:52]} {[%emt 00:03:25]} hxg6
{[%clk 00:37:41]} {[%emt 00:00:15]} 27. Rh1 {[%clk 00:21:13]} {[%emt 00:00:08]}
g5 {[%clk 00:36:44]} {[%emt 00:01:27]} 28. Nd7+ {[%clk 00:21:26]} {[%emt
00:00:18]} Kc8 {[%clk 00:36:27]} {[%emt 00:00:48]} 29. Nxf6 {[%clk 00:21:41]}
{[%emt 00:00:14]} b6 {[%clk 00:36:22]} {[%emt 00:00:35]} 30. Rh7 {[%clk
00:21:52]} {[%emt 00:00:19]} Kb8 {[%clk 00:36:23]} {[%emt 00:00:29]} 31. Rcxc7
{[%clk 00:22:06]} {[%emt 00:00:16]} Rc8 {[%clk 00:36:08]} {[%emt 00:00:43]} 32.
Rb7+ {[%clk 00:22:14]} {[%emt 00:00:24]} Ka8 {[%clk 00:36:30]} {[%emt
00:00:08]} 33. Rxa7+ {[%clk 00:22:35]} {[%emt 00:00:10]} Kb8 {[%clk 00:36:55]}
{[%emt 00:00:05]} 34. Rhb7# {[%clk 00:22:58]} {[%emt 00:00:07]} 1-0

[Event "DEM U14w 2024"]
[Site "Willingen GER"]
[Date "2024.05.19"]
[Round "2"]
[White "Neumann, Anna-Lena"]
[Black "Mehner, Clara"]
[Result "0-1"]
[Termination "normal"]
[Board "14"]
[WhiteElo "861"]
[BlackElo "1647"]
[WhiteClock "00:26:54"]
[BlackClock "00:25:22"]
[PlyCount "52"]
[WhiteFideId "34660321"]
[BlackFideId "34612165"]
[EventCountry "GER"]
[EventRounds "9"]
[EventType "swiss"]
[EventDate "2024.05.18"]

1. e4 {[%clk 01:30:57]} {[%emt 00:00:02]} e6 {[%clk 01:30:55]} {[%emt
00:00:06]} 2. Nf3 {[%clk 01:31:09]} {[%emt 00:00:17]} d5 {[%clk 01:31:08]}
{[%emt 00:00:18]} 3. exd5 {[%clk 01:30:25]} {[%emt 00:01:15]} exd5 {[%clk
01:31:05]} {[%emt 00:00:33]} 4. d4 {[%clk 01:30:26]} {[%emt 00:00:29]} Bd6
{[%clk 01:30:37]} {[%emt 00:00:57]} 5. Nc3 {[%clk 01:30:06]} {[%emt 00:00:50]}
c6 {[%clk 01:30:01]} {[%emt 00:01:06]} 6. Bd3 {[%clk 01:28:50]} {[%emt
00:01:46]} Ne7 {[%clk 01:28:25]} {[%emt 00:02:06]} 7. O-O {[%clk 01:28:22]}
{[%emt 00:00:58]} Bf5 {[%clk 01:26:41]} {[%emt 00:02:14]} 8. Bxf5 {[%clk
01:28:08]} {[%emt 00:00:43]} Nxf5 {[%clk 01:27:07]} {[%emt 00:00:05]} 9. Re1+
{[%clk 01:26:59]} {[%emt 00:01:39]} Ne7 {[%clk 01:26:53]} {[%emt 00:00:43]} 10.
a3 {[%clk 01:19:26]} {[%emt 00:08:04]} O-O {[%clk 01:24:03]} {[%emt 00:03:21]}
11. Ng5 {[%clk 01:18:05]} {[%emt 00:01:50]} h6 {[%clk 01:18:04]} {[%emt
00:06:29]} 12. Qg4 {[%clk 01:15:50]} {[%emt 00:02:44]} hxg5 {[%clk 00:55:38]}
{[%emt 00:22:57]} 13. Bxg5 {[%clk 01:14:32]} {[%emt 00:01:48]} Qc8 {[%clk
00:54:47]} {[%emt 00:01:21]} 14. Qh5 {[%clk 01:06:49]} {[%emt 00:08:11]} Qf5
{[%clk 00:44:32]} {[%emt 00:10:47]} 15. Re3 {[%clk 00:59:54]} {[%emt 00:07:25]}
f6 {[%clk 00:40:10]} {[%emt 00:04:53]} 16. g4 {[%clk 00:54:28]} {[%emt
00:05:51]} Qxg5 {[%clk 00:37:23]} {[%emt 00:03:20]} 17. Qh3 {[%clk 00:52:46]}
{[%emt 00:02:12]} f5 {[%clk 00:35:31]} {[%emt 00:02:23]} 18. Kf1 {[%clk
00:49:45]} {[%emt 00:03:30]} Qxg4 {[%clk 00:35:08]} {[%emt 00:00:53]} 19. Qxg4
{[%clk 00:48:22]} {[%emt 00:01:53]} fxg4 {[%clk 00:35:36]} {[%emt 00:00:03]}
20. Ne2 {[%clk 00:44:33]} {[%emt 00:04:18]} Nd7 {[%clk 00:34:31]} {[%emt
00:01:36]} 21. Kg1 {[%clk 00:36:56]} {[%emt 00:08:07]} Rae8 {[%clk 00:30:45]}
{[%emt 00:04:15]} 22. Re1 {[%clk 00:29:01]} {[%emt 00:08:25]} Nf5 {[%clk
00:26:25]} {[%emt 00:04:50]} 23. Rxe8 {[%clk 00:27:47]} {[%emt 00:01:44]} Rxe8
{[%clk 00:26:52]} {[%emt 00:00:03]} 24. Kf1 {[%clk 00:27:16]} {[%emt 00:01:01]}
Bxh2 {[%clk 00:26:27]} {[%emt 00:00:56]} 25. b3 {[%clk 00:26:57]} {[%emt
00:00:49]} Rf8 {[%clk 00:25:22]} {[%emt 00:01:35]} 26. c4 {[%clk 00:26:54]}
{[%emt 00:00:32]} Ne3# {[%emt 00:00:10]} 0-1